00648nam a22001817a 450000500170000001000150001702000260003203500140005803700090007208200100008124501650009125000060025626000740026227000510033630000200038770000330040770000260044020250613153818.0 aENG-145351 a9788181984456c695.00 aEN-128883 bDBAD a025.2 aProfessional in Library and Information Services for User Employment:bOpportunities and Challenges (Profuse 2017)/cEdited by Khaisar Muneebulla Khan...[et.al] a1 aMangalagangothribDepartment of Library and Information Sciencec2017 aMangalore UniversitybMangalagangothrie574199 a698p.c26cm(pb) aSinha , Manoj Kumar eeditor aKharb, Deepa eeditor